| 000 | 00682nam a22001817a 4500 | ||
|---|---|---|---|
| 999 |
_c62564 _d62564 |
||
| 005 | 20241209102700.0 | ||
| 008 | 241209s2024 ru ||||| |||| 00| 0 rus d | ||
| 020 | _a9785961465334x | ||
| 041 | _arus | ||
| 080 | _a65.011 B-26 | ||
| 100 |
_aВейдер, М. _923905 |
||
| 245 |
_aИнструменты бережливого производства II: _bКарманное руководство по практике применения Lean / _cМ. Вейдер. |
||
| 264 |
_aМосква : _bPRO, _c2024. |
||
| 300 |
_a147 стр.: _bилл.; _c17 см. |
||
| 653 | _aორგანიზაცია | ||
| 653 | _aწარმოება | ||
| 942 |
_2udc _cᲬᲘᲒᲜᲘ |
||